| 000 | 00553nam a22001937a 4500 | ||
|---|---|---|---|
| 003 | OSt | ||
| 005 | 20240528012116.0 | ||
| 008 | 240528b |||||||| |||| 00| 0 eng d | ||
| 020 | _a9710818988 | ||
| 040 |
_aDWC- Main Lib _cOC |
||
| 082 | _a512 R544c 1967 | ||
| 100 | _aRider, Paul R. | ||
| 245 |
_aCollege Algebra / _cPaul R. Rider |
||
| 250 | _aRevised edition | ||
| 260 |
_a N.Y: _bThe Macmillan Company, _cc1967 |
||
| 300 |
_axiv, 397 pages : _billustrations ; _c20cm. |
||
| 650 | _a1. College algebra | ||
| 942 |
_2ddc _cBK-CIRC _e Revised edition _n1 |
||
| 999 |
_c57 _d57 |
||